00692nam a2200241 a 4500001001300000003000900013005001700022008004100039020000900080082001700089100002300106245003000129260003300159300000900192500003500201505001700236650001100253700002300264902000800287942000700295952013100302999001700433nice12345678IN_TiNIC20260116014235.0050524s1999 dela grp 000 0 eng  ac9500a297.4bKHA11 aKhawaja, Ahmed Ali aMaulana Ashraf Ali Thanwi aDelhibAdam Publishersc1999 a138p aincludes index and biblioraphy2 aBibliography aSufism1 aKhawaja, Ahmed Ali bSRS cBK 001040708StackRoom-aHMIbHMId2007-09-17g95.00l1m1o297.4 KHA11p020261r2016-09-06s2016-08-11v95.00w2005-05-24yBK c14472d14472